000 00444nam a2200169 a 4500
001 0000-9135
003 ELIB.Books
008 110520 1986
035 _a(ELIB.Books)0000-9287
082 _a262
_bHin
100 _aHinson, E. Glenn
245 _aUnderstandings Of The Church
260 _bPhiladelphia: Fortress Press
_c1986
650 _aChristian Church - Society
942 _2ddc
_cBK
998 _cbat
_e2011-05-20
999 _c9135
_d9135